Моята сила (Запис номер 516856)
[ съкратено ]
| 000 -Лидер | |
|---|---|
| Лидер | 00994nam a2200265 a 4500 |
| 003 - Код на организацията, давaща контролен номер | |
| Код на организацията, даваща контролен номер | BLK |
| 005 - Дата и час на последна редакция | |
| Дата и час на последна редакция | 20240912161358.0 |
| 007 - Фиксирано поле за физическо описани | |
| Физическо описание | ta |
| 008 - Елементи от данни с фиксирана дължина | |
| Елементи с фиксирана дължина | 221104b bu |||||||||| 00| | bu d |
| 020 ## - Международен стандартен номер на книга ISBN | |
| ISBN | 9786197507898 |
| 040 ## - Източник на каталожния запис | |
| Код на библиотеката | BLK |
| 041 ## - Код за език | |
| Език | Български |
| Език за КДБФ | Български |
| 080 ## - УДК | |
| 9 (RLIN) | 227592 |
| УДК текст | Българска литература |
| УДК код | 821.163.2 |
| УДК – определител | -31 |
| УДК – код + определител | 821.163.2-31 |
| 084 ## - Класификационен индекс по друга класификация | |
| Авторски знак | Шиш - Ш 69 |
| 100 ## - Редна дума - Автор | |
| R(LIN) | 494444 |
| Автор | Шишкова, Димитрина Георгиева |
| 245 ## - Сведения за заглавието | |
| Заглавие | Моята сила |
| Подзаглавни данни | диагноза за цял живот |
| Авторска отговорност | Димитрина Шишкова ; послесл. Милена Коцева |
| 260 ## - Област на издателските данни | |
| 9 (RLIN) | 401270 |
| Място на издаване | София |
| Име на издателя | Екрие |
| Година на издаване | 2024 |
| Печатница | София : Скала принт |
| 300 ## - Физическа характеристика | |
| Брой страници | 184 с. |
| Размер | 20 см |
| 380 ## - Жанр | |
| Жанр | Худож. лит. |
| 700 ## - Други автори (авторска отговорност) | |
| 9 (RLIN) | 958 |
| Друг автор | Коцева, Милена Генчова |
| Авт. отговорност на др. автор | послесл. |
| 852 ## - Местоположение | |
| Сигнатура (форматна) | Цб 324223 |
| Отдел | Хранилище |
| 856 ## - Електронен адрес и достъп | |
| Инструкция (цена за достъп) | 0.00 |
| Права за достъп | disable |
| 942 ## - АРТИКУЛИ | |
| Вид на библиотечния документ | Книги |
| Скрит в OPAC | Не |
| 944 ## - СЪЗДАВАНЕ И РЕДАКЦИЯ на ЗАПИСА | |
| Дата на регистрацията/редакция | Христина Везирева |
| Служител, извършил регистрацията/редакцията | 30535 |
| Номер на служител | Христина Везирева |
| Създаване/Редакция | |
| 999 ## - СИСТЕМНИ КОНТРОЛНИ НОМЕРА | |
| Koha biblionumber | 516856 |
| Koha biblioitemnumber | 516856 |
| Код за отписване | Код за изгубен артикул | Източник на класификационната схема | Код за повреда | Коз за рестрикции | Код за отдаване | Артикулен № | Име на библиотеката - собственик | Име на библиотеката, в която се намира в момента | Статус (Текущо местоположение) | Дата на вписване в системата | Местоположение - отдел | Цена в лева | Инвентарен номер | Систематично азбучна сигнатура | Баркод | Цена в евро | Служебен тип на артикула |
|---|---|---|---|---|---|---|---|---|---|---|---|---|---|---|---|---|---|
| Не е изгубен | Universal Decimal Classification | Не е повреден | само за читалня | ползва се в читалня | 948724 | Регионална библиотека "Любен Каравелов" Русе | Регионална библиотека "Любен Каравелов" Русе | Хранилище | 2024-09-13 | Хранилище | 15.00 | 120000912093 | Цб 324223 | 120000912093 | 7.67 | Книги |